Hedefteki Türk Silahlı Kuvvetleri (Record no. 8044)

MARC details
000 -BAŞLIK
Sabit Uzunlukta Kontrol Alanı 00716na a2200253 4500
001 - KONTROL NUMARASI
Denetim Alanı 17040
003 - KONTROL NUMARASI IDENTIFIER
Denetim Alanı MIRAKIL
005 - SON İŞLEM TARİHİ VE ZAMANI
Denetim Alanı 20181213155157.0
008 - SABİT-BOY VERİ ELEMANLARI - GENEL BİLGİLER
Sabit Uzunlukta Kontrol Alanı 161021b tu 000 0
020 ## - ULUSLARARASI STANDART KİTAP NUMARASI
Uluslararası Standart Kitap Numarası 9789756238295
035 ## - SİSTEM KONTROL NUMARASI
Sistem Kontrol Numarası 17040
040 ## - KATALOGLAMA KAYNAK
Orijinal Kataloglama Ajansı Milas
Kataloglama Dili tur
Metne Dönüştürmek Ajansı TR-AnCHP
041 ## - DİL KODU
Metin / Ses Parça Veya Ayrı Başlığın Dil Kodu tur
082 ## - DEWEY ONLU SINIFLANDIRMA NUMARASI
Sınıflandırma Numarası 320.9561
Ürün Numarası E41h 2007
090 ## - SINIFLAMA NUMARASI
Sınıflama Numarası 320.9561 E41h 2007
100 ## - ANA GİRİŞ - KİŞİSEL İSİM
Kişisel Ad Elçioğlu, İsmet
245 ## - BAŞLIK TABLOSU
Başlık Hedefteki Türk Silahlı Kuvvetleri
Sorumluluk Tablosu, Vb İsmet Elçioğlu
260 ## - YAYIN, DAĞITIM, VB
Yayın, Dağıtım, Vb Yeri İstanbul
Yayıncı, Dağıtıcı, Vs Adı Nergiz Yayınevi
Yayın, Dağıtım, Vb Tarihi 2007
300 ## - FİZİKSEL TANIM
Kapsam 372 s.
Boyutlar 20 sm.
500 ## - GENEL NOT
Genel Not Yapıt yazarından imzalıdır.
650 ## - KONU KATMA GİRİŞ - TOPİKAL DÖNEM
Topikal Süreli Veya Coğrafi Ad Giriş Elemanı Siyaset ve yönetim
Genel Alt Bölümü Iktidar eleştirisi
Kronolojik Alt Bölümü AKP
651 ## - KONU KATMA GİRİŞ - COĞRAFİ ADI
Coğrafi İsim Türkiye
Genel Alt Bölümü Siyasal durum
942 ## - EKLENDİ GİRİŞ ELEMANLARI (KOHA)
Sınıflandırma Veya Raf Düzeni Kaynak Dewey Decimal Classification
Koha Öğesi Türü Books
999 ## - SİSTEM KONTROL NUMARALARI (KOHA)
Koha Biblionumber 8044
Koha Biblioitemnumber 8044
Holdings
Kalıcı Konum Mevcut Konum Edinme Tarihi Edinim Kaynak Toplam Check-Out'Lar Tam Çağrı Numarası Barkod Tarih Son Görülme İtibaren Geçerli Fiyatlar Koha Öğesi Türü
CHP Kütüphanesi CHP Kütüphanesi 10/21/2016 Bağış   320.9561 E41h 2007 005850 10/21/2016 10/21/2016 Books